| 000 | 01501cam a2200361 i 4500 | ||
|---|---|---|---|
| 001 | 11248134 | ||
| 003 | ASAB | ||
| 005 | 20180827062630.0 | ||
| 006 | m d | ||
| 007 | cr n | ||
| 008 | 141017t20142014ne a sb 000 0 eng d | ||
| 020 | _a9781138026926 | ||
| 020 | _a9781138026926 | ||
| 035 | _a(WaSeSS)ssj0001412173 | ||
| 040 |
_aCaPaEBR _beng _erda _epn _cASAB _dWaSeSS |
||
| 050 | 4 |
_aTA157 _b.T748 2014eb |
|
| 082 | 0 | 4 |
_a620.0023 _223 |
| 100 | 1 |
_aTrevelyan, James P., _eauthor. _91829 |
|
| 210 | 1 | 0 | _aThe making of an expert engineer : |
| 245 | 1 | 4 |
_aThe making of an expert engineer : _bhow to have a wonderful career creating a better world and spending lots of money belonging to other people / _cJames P. Trevelyan. |
| 300 | _a581 p. | ||
| 490 | 0 | _aBalkema Book | |
| 504 | _aIncludes bibliographical references. | ||
| 506 | _aLicense restrictions may limit access. | ||
| 650 | 0 |
_aEngineers. _91830 |
|
| 650 | 0 |
_aEngineering. _91831 |
|
| 655 | 0 |
_aElectronic books. _91832 |
|
| 773 | 0 | _tENGnetBASE | |
| 776 | 0 | 8 |
_iPrint version: _aTrevelyan, James P. _tMaking of an expert engineer : how to have a wonderful career creating a better world and spending lots of money belonging to other people. _dLeiden, Netherlands : CRC Press/Balkema, c2014 _hxxix, 558 pages _kBalkema book. _z9781138026926 |
| 856 | 4 | 0 |
_uhttp://www.columbia.edu/cgi-bin/cul/resolve?clio11248134 _zFull text available from ENGnetBASE |
| 910 | _aVendor-generated brief record | ||
| 942 |
_2ddc _cBK |
||
| 999 |
_c480080 _d480080 |
||